Efektivnost hospodářského rozvoje

Enregistré dans:
Détails bibliographiques
Auteur principal: Komárek, Valtr
Format: Livre
Langue:tchèque
Publié: Praha Státní nakladatelství technické literatury 1974
Tags: Ajouter un tag
Pas de tags, Soyez le premier à ajouter un tag!

MARC

LEADER 00000nam a2200000 4500
001 c121208
005 20041019155221.7
041 0 |a cze 
044 |a CZ 
245 1 0 |a Efektivnost hospodářského rozvoje  |c Valtr Komárek 
264 1 |a Praha  |b Státní nakladatelství technické literatury  |c 1974 
300 |a 246 s. 
100 1 |a Komárek, Valtr